000 00782nas a2200253 4500
001 BR0604143
003 BR-BrBNA
005 20231205110420.0
007 ta
008 230509b bl.|||p| |||| 00| 00por d
040 _aBR-BrBNA
_bpor
_cBiblioteca Nacional de Agricultura
041 _a(Pt)
072 _aH20
100 1 _aJerba, V. de F.
100 1 _aFernandes, C.D.
100 1 _aPott, A.
245 1 _aRelação entre número de estegmata na epiderme foliar e intensidade da antracnose em Stylosanthes spp.
650 _aSTILOSANTE
650 _aANTRACNOSE
650 _aFUNGO
773 0 _tPesquisa Agropecuária Brasileira (Brazil)
_xISSN 0100-204X
_g(Jan 2006), v. 41(1) p. 175-178
_wBR0604143
909 _a202311
_bLúcia
_c55
_dLúcia Elande
942 _2AGRIS
_n0
_cANA
999 _c187304
_d187304